| 000 | 00795nam a2200253 a 4500 | ||
|---|---|---|---|
| 001 | BRCA_3894 | ||
| 005 | 20190320204450.0 | ||
| 008 | 050110s1935----fr-a######---#000-0#fre-# | ||
| 041 | _afre | ||
| 044 | _afr | ||
| 050 | 4 |
_aF1233.M3 _b.H37 1935 |
|
| 100 | 1 |
_aHarding, Bertita _910128 |
|
| 245 | 1 | 0 |
_aMaximilien empereur du Mexique 1832-1867 _cby Bertita Harding ; traduction francaise de Maurice Soulié. |
| 260 |
_aParis _bPayot _c1935 |
||
| 300 |
_a354 p. _bil. _c23 cm. |
||
| 500 | _aIncluye tabla de materias | ||
| 500 | _aC105 | ||
| 504 | _aBibligrafía : p. 352-354 | ||
| 600 | 1 | 4 |
_aMaximiliano. _cEmperador de México _d1832-1867 _94582 |
| 651 | 4 |
_aMéxico _xHistoria _yIntervención francesa, 1861-1867 _910129 |
|
| 700 | 1 |
_aSoulié, Maurice _910130 |
|
| 902 | _aGFM | ||
| 942 |
_2lcc _cB |
||
| 999 |
_c3622 _d3622 |
||